000 00267nam a2200109Ia 4500
008 200302s9999 xx 000 0 und d
100 _aRichard Pratt
245 _aLandscaping and Outdoor Living
260 _bM. Evans and Co. Inc.
260 _c1963
300 _a225 P.,
999 _c2252
_d2252